Soft computing in textile engineering /

Soft computing is an area of inter-disciplinary research, and it refers to a collection of computational techniques which study, model and analyse complex phenomena. This book covers soft computing for yarn and fabric manufacture, as well as the use of soft computing for textile properties, applicat...

Full description

Bibliographic Details
Corporate Authors: ScienceDirect (Online service), Textile Institute
Other Authors: Majumdar, A.
Format: eBook
Language:English
Language Notes:English.
Published: Cambridge : Woodhead Pub., Ltd : Textile Institute, ©2011.
Series:Woodhead publishing in textiles ; no. 111.
Subjects:
Online Access:Connect to the full text of this electronic book

MARC

Tag First Indicator Second Indicator Subfields
LEADER 00000cam a2200000 a 4500
001 in00005749021
005 20260326190825.0
006 m o d
007 cr mn|||||||||
008 111222s2011 enka ob 001 0 eng d
040 |a HKP  |b eng  |e pn  |c HKP  |d PCT  |d COO  |d OCLCQ  |d YDXCP  |d E7B  |d OCLCF  |d N$T  |d OPELS  |d OCLCQ  |d U3W  |d D6H  |d ESU  |d VLY  |d S2H  |d OCLCO  |d OCLCQ  |d OCLCO  |d OCLCQ  |d SXB  |d OCLCQ  |d OCLCL  |d LVT  |d OCLCQ 
019 |a 742643691  |a 898200248  |a 1162394069  |a 1229183390 
020 |a 9780857090812  |q (electronic bk.) 
020 |a 085709081X  |q (electronic bk.) 
020 |z 9781845696634 
020 |z 1845696638 
035 |a (OCoLC)769153715  |z (OCoLC)742643691  |z (OCoLC)898200248  |z (OCoLC)1162394069  |z (OCoLC)1229183390 
050 4 |a TS1449 
072 7 |a TEC  |x 040000  |2 bisacsh 
072 7 |a TEC  |x 055000  |2 bisacsh 
082 0 4 |a 677.028 
049 |a TXAM 
245 0 0 |a Soft computing in textile engineering /  |c edited by A. Majumdar. 
260 |a Cambridge :  |b Woodhead Pub., Ltd :  |b Textile Institute,  |c ©2011. 
300 |a 1 online resource (xxi, 538 pages :  |b illustrations). 
336 |a text  |b txt  |2 rdacontent 
337 |a computer  |b c  |2 rdamedia 
338 |a online resource  |b cr  |2 rdacarrier 
490 1 |a Woodhead publishing series in textiles ;  |v number 111 
500 |a Includes index. 
505 0 |a Part 1 Introduction to soft computing: Introduction to soft computing techniques: artificial neural networks, fuzzy logic and genetic algorithm -- Artificial neural networks in materials modeling -- Fundamentals of soft models in textiles. Part 2 Soft computing in yarn manufacturing: Artificial neural network in yarn property modeling -- Performance evaluation and enhancement of artificial neural network in prediction modeling -- Yarn engineering using artificial neural network -- Adaptive neuro-fuzzy systems in yarn modeling. Part 3 Soft computing in fabric manufacturing: Woven fabric engineering by mathematical modeling and soft computing methods -- Soft computing applications in knitting technology -- Modelling nonwovens using artificial neural networks. Part 4 Soft computing for textile properties and applications: Garment modelling by fuzzy logic -- Soft computing applications for sewing machines -- Artificial neural network modeling for prediction of thermal transmission properties of woven fabrics. Part 5 Soft computing in textile quality evaluation: Fuzzy decision making and its applications in cotton fibre grading -- Silk cocoon grading by fuzzy expert systems -- Artificial neural network applications in textile composites -- Modelling the fabric tearing process -- Textile quality evaluation by image processing and soft computing techniques. 
520 |a Soft computing is an area of inter-disciplinary research, and it refers to a collection of computational techniques which study, model and analyse complex phenomena. This book covers soft computing for yarn and fabric manufacture, as well as the use of soft computing for textile properties, applications and quality evaluation.  |b Soft computing is an emerging area of inter-disciplinary research. It refers to a collection of computational techniques which study, model and analyse complex phenomena. As many textile engineering problems are inherently complex in nature, soft computing techniques have often provided optimum solutions to these cases. Although soft computing has several facets, it mainly revolves around three techniques including: artificial neural networks, fuzzy logic and genetic algorithms. The book is divided into five parts, covering the entire process of textile production, from fibre manufacture to garment engineering. These include soft computing techniques in yarn manufacture and modelling, fabric and garment manufacture, textile properties and applications and textile quality evaluation. 
504 |a Includes bibliographical references and index. 
546 |a English. 
650 0 |a Textile industry  |x Data processing. 
650 0 |a Clothing trade  |x Data processing. 
650 0 |a Soft computing. 
650 6 |a Textiles et tissus  |x Industrie et commerce  |x Informatique. 
650 6 |a Informatique douce. 
650 7 |a TECHNOLOGY & ENGINEERING  |x Technical & Manufacturing Industries & Trades.  |2 bisacsh 
650 7 |a TECHNOLOGY & ENGINEERING  |x Textiles & Polymers.  |2 bisacsh 
650 7 |a Clothing trade  |x Data processing  |2 fast 
650 7 |a Soft computing  |2 fast 
650 7 |a Textile industry  |x Data processing  |2 fast 
655 7 |a Electronic books.  |2 local 
700 1 |a Majumdar, A. 
710 2 |a ScienceDirect (Online service) 
710 2 |a Textile Institute. 
758 |i has work:  |a Soft computing in textile engineering (Text)  |1 https://id.oclc.org/worldcat/entity/E39PCYJq3qhtFCJFFrpF6CqTVC  |4 https://id.oclc.org/worldcat/ontology/hasWork 
776 1 |z 1845696638 
830 0 |a Woodhead publishing in textiles ;  |v no. 111. 
856 4 0 |u http://proxy.library.tamu.edu/login?url=https://www.sciencedirect.com/science/book/9781845696634  |z Connect to the full text of this electronic book  |t 0 
955 |a Elsevier ScienceDirect 2026-2027 
994 |a 92  |b TXA 
999 f f |i 21b6199b-6362-4579-8739-40b165ba32e4  |s 75900185-7b8d-410c-82a3-c570cf8de0bf  |t 0 
952 f f |a Texas A&M University  |b College Station  |c Electronic Resources  |s www_evans  |d Available Online  |t 0  |e TS1449   |h Library of Congress classification 
998 f f |a TS1449   |t 0  |l Available Online